I 15 comuni più popolosi della provincia di Pavia - Statistics

Statistiche generali
  • Questo quiz è stato fatto 149 volte
  • Il punteggio medio è 8 su 15
Statistiche sulle risposte
# Popolazione approssimativa Comune % Corretto
1 72.800 Pavia
95%
2 63.450 Vigevano
94%
3 39.400 Voghera
86%
4 15.750 Mortara
76%
5 11.600 Stradella
69%
8 9.350 Broni
65%
7 9.800 Garlasco
61%
15 6.350 San Martino Siccomario
40%
12 6.700 Casteggio
38%
6 10.100 Gambolò
35%
13 6.650 Mede
34%
11 6.800 Cava Manara
33%
9 8.500 Casorate Primo
30%
14 6.400 Landriano
27%
10 7.100 Cassolnovo
24%
Nessun quiz corrispondente trovato
Distribuzione punteggi
Percentuale di utenti per punteggio
Percentile per numero di risposta
I tuoi punteggi nel tempo
Non hai fatto questo quiz